8 Countries That Border Turkey Quiz Stats

 Plays Quiz Updated Feb 13, 2019

Support Sporcle.
Go Orange.
Score 0/8 Timer 01:30
0 Plays Today
% Correct
Greece
83.2%
Syria
82.7%
Armenia
76.5%
Bulgaria
69.4%
Iraq
67.5%
Georgia
66.6%
Azerbaijan
65.4%
Iran
63.3%

From the Vault

Actors on Two Long Running Series

by seanpat0

These actors are just looking for a steady paycheck.
Remove Ads.
Support Sporcle.
Get the best of Sporcle when you Go Orange. This ad-free experience offers more features, more stats, and more fun while also helping to support Sporcle. Thank you for becoming a member.

Show Comments

Extras

Top Quizzes Today


Score Distribution

Your Account Isn't Verified!

In order to create a playlist on Sporcle, you need to verify the email address you used during registration. Go to your Sporcle Settings to finish the process.

Report this User

Report this user for behavior that violates our Community Guidelines.

Details: